| 000 | 00527nam a2200205Ia 4500 | ||
|---|---|---|---|
| 008 | 200826s9999||||xx |||||||||||||| ||und|| | ||
| 020 | _a7020100791 | ||
| 020 | _a9787020100798 | ||
| 041 | _achi | ||
| 050 |
_aPL2780.F4 _b.A61 1980 |
||
| 100 | _a巴金 | ||
| 245 | 0 |
_a巴金: _b随想录 / _c巴金 |
|
| 246 |
_a巴金: _b隨想錄/ |
||
| 260 |
_a北京 : _b人民文学出版社 ,, |
||
| 300 |
_a5 v. _b; _c19 cm. |
||
| 650 | _aBa, Jin., -- 1904-2005. | ||
| 650 | _aChinese literature. | ||
| 949 | _vv.1 | ||
| 999 |
_c20423 _d20423 |
||